00332nam a2200109Ia 4500008004100000245009100041260003300132260000900165300001000174500001100184650002700195170224s9999 xx 000 0 und d aNumerical Simulations of Earthquake Cycles Using Depth-Dependent Frictional Parameters bPhilippine Computing Journal c2012 aVII:1 aAugust xInformation Technology